Maryland's original 7 counties - Statistics

General Stats
  • This quiz has been taken 13 times
  • The average score is 5 of 7
Answer Stats
Answer Year % Correct
Baltimore 1659
92%
Charles 1658
83%
Patuxent (Renamed Calvert in 1658) 1654
83%
St. Mary's 1637
83%
Somerset 1666
75%
Dorchester 1668
67%
Kent 1642
50%
No matching quizzes found
Score Distribution
Percent of People with Each Score
Percentile by Number Answered
Your Score History
You have not taken this quiz